00613 2200181 4500245002900000020002200029250001100051100001400062700002000076650001700096005001900113260002800132041001400160084000800174300002300182500021700205336000900422 aPromisecDwitasarihText a978-602-6922-44-1 aCet. 1 aDwitasari aFitria Desriana aNovel Remaja a20231004120030 aJakartabLoveablec2016 aIndonesia a813 a232 hlm. :c19 cm. aAji yang pplaynoy dan suka bergonta-ganti pacar. Aji selalu punya keinginan agar rahman bisa menjadi seperti dirinya. Bisa merasakan cinta dan memiliki wawasan yang lebih luas lagi, namaun dengan cara yang salah. atext